[Event "Sochi Amateur op 6th"]
[Site "Sochi"]
[Date "2019.04.12"]
[Round "8"]
[White "Gasparyan, Daniel"]
[Black "Potapova, Margarita"]
[Result "0-1"]
[WhiteElo "2103"]
[BlackElo "2278"]
[PlyCount "70"]
[EventDate "2019.04.07"]
[EventType "swiss"]
[EventRounds "9"]
[EventCountry "RUS"]
[SourceTitle "CBM 189 Extra"]
[Source "ChessBase"]
[SourceDate "2019.06.03"]
[SourceVersion "1"]
[SourceVersionDate "2019.06.03"]
[SourceQuality "1"]

1. e4 c5 2. Nf3 d6 3. d4 cxd4 4. Qxd4 Nc6 5. Bb5 Bd7 6. Bxc6 Bxc6 7. Nc3 Nf6 8. Bg5 e6 9. 0-0-0 Be7 10. Kb1 0-0 11. Qd3 Qa5 12. h4 h6 13. Bd2 Qa6 14. Qxa6 bxa6 15. Rhe1 Ng4 16. Re2 Bf6 17. Be1 Rfd8 18. Nd4 Be8 19. f4 Rab8 20. Nf3 Rdc8 21. e5 dxe5 22. fxe5 Be7 23. h5 f5 24. exf6 Bxf6 25. Ka1 Rb6 26. Bh4 Bxh4 27. Nxh4 Bxh5 28. Nf3 Nf6 29. Red2 Kh7 30. Rd6 Rcc6 31. Rd8 Rb7 32. R1d6 Rcb6 33. Na4 Rxd6 34. Rxd6 Rc7 35. Nc3 Bg6 0-1

[Event "Sochi Amateur op 6th"]
[Site "Sochi"]
[Date "2019.04.11"]
[Round "7"]
[White "Gasparyan, Daniel"]
[Black "Zasukhin, Vadim Borisovich"]
[Result "1/2-1/2"]
[WhiteElo "2103"]
[BlackElo "2263"]
[PlyCount "99"]
[EventDate "2019.04.07"]
[EventType "swiss"]
[EventRounds "9"]
[EventCountry "RUS"]
[SourceTitle "CBM 189 Extra"]
[Source "ChessBase"]
[SourceDate "2019.06.03"]
[SourceVersion "1"]
[SourceVersionDate "2019.06.03"]
[SourceQuality "1"]

1. e4 e6 2. d3 d5 3. Nd2 Nf6 4. Ngf3 c5 5. g3 Nc6 6. Bg2 g6 7. 0-0 Bg7 8. Re1 0-0 9. c3 a5 10. Qc2 b6 11. Nf1 Ba6 12. e5 Nd7 13. Bf4 Qc7 14. Qe2 b5 15. h4 b4 16. Ne3 a4 17. Nxd5 exd5 18. e6 Qb7 19. exf7+ Rxf7 20. Ng5 Nf6 21. Nxf7 Qxf7 22. Qe6 Bb7 23. g4 Nd8 24. Qxf7+ Kxf7 25. g5 Ne8 26. Re2 Ra6 27. Bh3 Bf8 28. Rae1 Ng7 29. cxb4 cxb4 30. Be5 Nde6 31. Rc2 Nf5 32. h5 Nh4 33. Bg4 d4 34. f4 Nf3+ 35. Bxf3 Bxf3 36. h6 Bd5 37. Rf1 Be7 38. Rc8 Ra8 39. Rfc1 Rxc8 40. Rxc8 Nf8 41. Rc7 Ke8 42. Ra7 Bxa2 43. Rxa4 Bb1 44. Bxd4 Bxd3 45. Ra8+ Kf7 46. Ra7 Ke6 47. Kf2 Be4 48. Ke3 Bd5 49. Ra6+ Kf5 50. Ra5 1/2-1/2

[Event "Sochi Amateur op 6th"]
[Site "Sochi"]
[Date "2019.04.10"]
[Round "6"]
[White "Orlov, Oleg"]
[Black "Gasparyan, Daniel"]
[Result "1/2-1/2"]
[WhiteElo "2318"]
[BlackElo "2103"]
[PlyCount "69"]
[EventDate "2019.04.07"]
[EventType "swiss"]
[EventRounds "9"]
[EventCountry "RUS"]
[SourceTitle "CBM 189 Extra"]
[Source "ChessBase"]
[SourceDate "2019.06.03"]
[SourceVersion "1"]
[SourceVersionDate "2019.06.03"]
[SourceQuality "1"]

1. Nf3 Nf6 2. c4 b6 3. g3 Bb7 4. Bg2 g6 5. d4 Bg7 6. 0-0 0-0 7. d5 d6 8. Nd4 Qd7 9. Nc3 c5 10. Nc2 Ba6 11. Qd3 Bb7 12. Bd2 Na6 13. Rae1 Nb4 14. Nxb4 cxb4 15. Nb5 a6 16. Nd4 b5 17. b3 bxc4 18. bxc4 a5 19. e4 Qc7 20. Nc6 Bxc6 21. dxc6 e5 22. a3 bxa3 23. Qxa3 Qxc6 24. Bxa5 Qxc4 25. Rc1 Qb5 26. Ra1 Rfc8 27. Rfb1 Qc5 28. Qxc5 dxc5 29. Bh3 Rcb8 30. Rxb8+ Rxb8 31. Bc7 Re8 32. f3 Bf8 33. Kf1 Nh5 34. Ra5 Ng7 35. Bb6 1/2-1/2

[Event "Moscow op-A 15th"]
[Site "Moscow"]
[Date "2019.01.31"]
[Round "6"]
[White "Demianjuk, Alexander"]
[Black "Gasparyan, Daniel"]
[Result "1-0"]
[WhiteElo "2360"]
[BlackElo "2158"]
[PlyCount "72"]
[EventDate "2019.01.26"]
[EventType "swiss"]
[EventRounds "9"]
[EventCountry "RUS"]
[SourceTitle "CBM 188 Extra"]
[Source "ChessBase"]
[SourceDate "2019.02.26"]
[SourceVersion "1"]
[SourceVersionDate "2019.02.26"]
[SourceQuality "1"]

1. Nf3 Nf6 2. g3 b6 3. Bg2 Bb7 4. 0-0 g6 5. d4 Bg7 6. c4 0-0 7. Qc2 d6 8. Nc3 Nbd7 9. e4 e5 10. dxe5 Nxe5 11. Nxe5 dxe5 12. Rd1 Qe7 13. Nd5 Nxd5 14. cxd5 c6 15. d6 Qd7 16. Bg5 f6 17. Be3 c5 18. b4 cxb4 19. Qb3+ Kh8 20. Qxb4 Rac8 21. Rd2 f5 22. Bg5 fxe4 23. Re1 e3 24. Bxe3 Bxg2 25. Kxg2 Bf6 26. h4 h5 27. Red1 Rc6 28. Rd5 Rfc8 29. Qb5 Kg8 30. Bg5 Bg7 31. Be7 Kf7 32. Re1 Kg8 33. Re3 a6 34. Qxa6 Rc1 35. Qb5 R8c6 36. Qb3 Kh7 1-0

[Event "Moscow op-A 15th"]
[Site "Moscow"]
[Date "2019.01.28"]
[Round "3"]
[White "Gasparyan, Daniel"]
[Black "Lepaev, Andrey"]
[Result "1-0"]
[WhiteElo "2158"]
[BlackElo "2019"]
[PlyCount "85"]
[EventDate "2019.01.26"]
[EventType "swiss"]
[EventRounds "9"]
[EventCountry "RUS"]
[SourceTitle "CBM 188 Extra"]
[Source "ChessBase"]
[SourceDate "2019.02.26"]
[SourceVersion "1"]
[SourceVersionDate "2019.02.26"]
[SourceQuality "1"]

1. Nf3 Nf6 2. g3 d5 3. Bg2 e6 4. 0-0 Be7 5. d3 0-0 6. Nbd2 c5 7. e4 Nc6 8. e5 Nd7 9. Re1 Qc7 10. Qe2 b5 11. Nf1 Bb7 12. Bf4 Nd4 13. Qd1 Nxf3+ 14. Qxf3 Rfb8 15. Qg4 d4 16. h4 Bxg2 17. Kxg2 c4 18. Nd2 cxd3 19. cxd3 Nc5 20. Qf3 Qb7 21. Ne4 Rc8 22. Nxc5 Qxf3+ 23. Kxf3 Bxc5 24. Rec1 f5 25. exf6 gxf6 26. Rc2 Bb6 27. Rac1 Rxc2 28. Rxc2 h5 29. Rc6 Kf7 30. Bd6 e5 31. Ke4 Ba5 32. Kf5 Be1 33. Rc7+ Kg8 34. Kxf6 e4 35. Rg7+ Kh8 36. Re7 Bxf2 37. Rxe4 Rd8 38. Bf4 Rg8 39. Re5 Rf8+ 40. Ke7 Rc8 41. Rxh5+ Kg7 42. Rg5+ Kh7 43. Kf7 1-0

[Event "Sochi ChessAmateur op10"]
[Site "Sochi"]
[Date "2018.10.15"]
[Round "6"]
[White "Zasukhin, Mikhail"]
[Black "Gasparyan, Daniel"]
[Result "0-1"]
[WhiteElo "1943"]
[BlackElo "2114"]
[PlyCount "50"]
[EventDate "2018.10.12"]
[EventType "swiss"]
[EventRounds "9"]
[EventCountry "RUS"]
[SourceTitle "CBM 187 Extra"]
[Source "ChessBase"]
[SourceDate "2018.11.04"]
[SourceVersion "1"]
[SourceVersionDate "2018.11.04"]
[SourceQuality "1"]

1. d4 Nf6 2. c4 e5 3. dxe5 Ng4 4. Nf3 Bc5 5. e3 Nc6 6. Be2 Ngxe5 7. 0-0 0-0 8. a3 a5 9. Nc3 Nxf3+ 10. Bxf3 Ne5 11. b3 Re8 12. Bb2 Ra6 13. Nd5 Rh6 14. Rc1 d6 15. b4 Qh4 16. Bxe5 Rxe5 17. Re1 Qxh2+ 18. Kf1 Ba7 19. Nxc7 g5 20. Nd5 Qh4 21. g4 Qh3+ 22. Kg1 Bxg4 23. Nf6+ Rxf6 24. Bxg4 Qh4 25. Rc2 h5 0-1

[Event "Sochi ChessAmateur op10"]
[Site "Sochi"]
[Date "2018.10.14"]
[Round "4"]
[White "Danielyan, Vahe"]
[Black "Gasparyan, Daniel"]
[Result "1-0"]
[WhiteElo "2256"]
[BlackElo "2114"]
[PlyCount "63"]
[EventDate "2018.10.12"]
[EventType "swiss"]
[EventRounds "9"]
[EventCountry "RUS"]
[SourceTitle "CBM 187 Extra"]
[Source "ChessBase"]
[SourceDate "2018.11.04"]
[SourceVersion "1"]
[SourceVersionDate "2018.11.04"]
[SourceQuality "1"]

1. e4 c5 2. Nc3 Nc6 3. Bb5 g6 4. Bxc6 dxc6 5. d3 Bg7 6. Nge2 Nf6 7. Be3 b6 8. h3 0-0 9. Qd2 Qc7 10. Bh6 Rd8 11. Bxg7 Kxg7 12. Qe3 e5 13. 0-0 Nh5 14. f4 exf4 15. Nxf4 Nxf4 16. Rxf4 Qe5 17. Raf1 Be6 18. Ne2 Rf8 19. c3 f6 20. Qf2 Bg8 21. h4 Rad8 22. d4 cxd4 23. cxd4 Qd6 24. b3 a5 25. h5 a4 26. e5 Qe6 27. exf6+ Kf7 28. Nc3 Rfe8 29. hxg6+ hxg6 30. Nxa4 Bh7 31. Rh4 Rh8 32. Re1 1-0

[Event "Sochi ChessAmateur op10"]
[Site "Sochi"]
[Date "2018.10.13"]
[Round "2"]
[White "Butvin, Andrey"]
[Black "Gasparyan, Daniel"]
[Result "0-1"]
[WhiteElo "1802"]
[BlackElo "2114"]
[PlyCount "54"]
[EventDate "2018.10.12"]
[EventType "swiss"]
[EventRounds "9"]
[EventCountry "RUS"]
[SourceTitle "CBM 187 Extra"]
[Source "ChessBase"]
[SourceDate "2018.11.04"]
[SourceVersion "1"]
[SourceVersionDate "2018.11.04"]
[SourceQuality "1"]

1. Nf3 Nf6 2. g3 b6 3. Bg2 Bb7 4. 0-0 g6 5. d3 Bg7 6. e4 d6 7. c3 0-0 8. a4 a6 9. b3 Nbd7 10. Be3 c5 11. Nbd2 Qc7 12. Qe2 d5 13. Bg5 dxe4 14. dxe4 e5 15. Rfd1 Bc6 16. Ne1 h6 17. Bxf6 Nxf6 18. Nc2 Rfd8 19. Ne3 Rd7 20. c4 Ne8 21. Nd5 Bxd5 22. exd5 Nd6 23. g4 f5 24. Nf3 Re8 25. Nh4 Qd8 26. Nxg6 Qg5 27. gxf5 Nxf5 0-1

[Event "Sochi ChessAmateur op10"]
[Site "Sochi"]
[Date "2018.10.12"]
[Round "1"]
[White "Gasparyan, Daniel"]
[Black "Filipets, Egor"]
[Result "0-1"]
[WhiteElo "2114"]
[BlackElo "2321"]
[PlyCount "37"]
[EventDate "2018.10.12"]
[EventType "swiss"]
[EventRounds "9"]
[EventCountry "RUS"]
[SourceTitle "CBM 187 Extra"]
[Source "ChessBase"]
[SourceDate "2018.11.04"]
[SourceVersion "1"]
[SourceVersionDate "2018.11.04"]
[SourceQuality "1"]

1. Nf3 f5 2. g3 Nf6 3. Bg2 g6 4. 0-0 Bg7 5. d3 0-0 6. e4 d6 7. e5 Ng4 8. exd6 cxd6 9. d4 e5 10. h3 e4 11. hxg4 exf3 12. Bxf3 fxg4 13. Bxg4 Nc6 14. c3 h5 15. Bxc8 Qxc8 16. Bf4 Qh3 17. Qb3+ Kh7 18. Qxb7 Rac8 19. Bxd6 0-1

[Event "Sochi ChessAmateur op"]
[Site "Sochi"]
[Date "2018.04.06"]
[Round "8"]
[White "Tuzhik, Artem"]
[Black "Gasparyan, Daniel"]
[Result "1-0"]
[WhiteElo "2208"]
[BlackElo "2021"]
[PlyCount "73"]
[EventDate "2018.04.01"]
[EventType "swiss"]
[EventRounds "9"]
[EventCountry "RUS"]
[SourceTitle "CBM 184 Extra"]
[Source "ChessBase"]
[SourceDate "2018.06.28"]
[SourceVersion "1"]
[SourceVersionDate "2018.06.28"]
[SourceQuality "1"]

1. e4 c5 2. Nf3 Nc6 3. d4 cxd4 4. Nxd4 Nf6 5. Nc3 e5 6. Ndb5 d6 7. Bg5 a6 8. Na3 b5 9. Bxf6 gxf6 10. Nd5 Bg7 11. Bd3 Ne7 12. Nxe7 Qxe7 13. 0-0 0-0 14. c4 f5 15. Qf3 bxc4 16. Nxc4 d5 17. exd5 e4 18. Qe3 Bb7 19. d6 Qf6 20. Bc2 f4 21. Qh3 Rac8 22. b3 Bd5 23. Rad1 Bxc4 24. Bxe4 h6 25. bxc4 Rxc4 26. Bd5 Rc3 27. Qd7 Kh8 28. Rfe1 f3 29. Bxf3 Qg5 30. h4 Qg6 31. Qe7 Rcc8 32. d7 Rcd8 33. Qxd8 Rxd8 34. Re8+ Kh7 35. Rxd8 Bd4 36. Rh8+ Kxh8 37. d8Q+ 1-0

[Event "Sochi ChessAmateur op"]
[Site "Sochi"]
[Date "2018.04.05"]
[Round "7"]
[White "Gasparyan, Daniel"]
[Black "Pankratov, Oleg"]
[Result "1-0"]
[WhiteElo "2021"]
[BlackElo "2132"]
[PlyCount "47"]
[EventDate "2018.04.01"]
[EventType "swiss"]
[EventRounds "9"]
[EventCountry "RUS"]
[SourceTitle "CBM 184 Extra"]
[Source "ChessBase"]
[SourceDate "2018.06.28"]
[SourceVersion "1"]
[SourceVersionDate "2018.06.28"]
[SourceQuality "1"]

1. Nf3 d5 2. g3 c6 3. Bg2 Nf6 4. 0-0 h6 5. d3 Bf5 6. Nbd2 e6 7. b3 Be7 8. Bb2 0-0 9. Ne5 a5 10. a3 Bh7 11. e4 Qb6 12. Qe2 Re8 13. Ng4 Nbd7 14. Nxh6+ gxh6 15. e5 Bg6 16. exf6 Bxf6 17. Bxf6 Nxf6 18. Nf3 Nd7 19. Ne5 Nxe5 20. Qxe5 Qc5 21. Rfc1 Qe7 22. h4 f6 23. Qe3 Kg7 24. a4 1-0

[Event "Sochi ChessAmateur op"]
[Site "Sochi"]
[Date "2018.04.02"]
[Round "2"]
[White "Kuznetsov, Mikhail V"]
[Black "Gasparyan, Daniel"]
[Result "1/2-1/2"]
[WhiteElo "2246"]
[BlackElo "2021"]
[PlyCount "70"]
[EventDate "2018.04.01"]
[EventType "swiss"]
[EventRounds "9"]
[EventCountry "RUS"]
[SourceTitle "CBM 184 Extra"]
[Source "ChessBase"]
[SourceDate "2018.06.28"]
[SourceVersion "1"]
[SourceVersionDate "2018.06.28"]
[SourceQuality "1"]

1. d4 Nf6 2. Nf3 b6 3. e3 Bb7 4. Bd3 g6 5. 0-0 Bg7 6. Qe2 d5 7. Nbd2 0-0 8. e4 dxe4 9. Nxe4 Nbd7 10. Re1 c5 11. dxc5 bxc5 12. h4 Nxe4 13. Bxe4 Bxe4 14. Qxe4 e6 15. c3 Qb6 16. Qc2 Rab8 17. Re2 Nf6 18. Bf4 Rbd8 19. Be5 Rd5 20. c4 Rd7 21. Qc3 Ne8 22. Bxg7 Nxg7 23. Ne5 Rd4 24. Rae1 Qd6 25. Nf3 Rd3 26. Qe5 f6 27. Qxd6 Rxd6 28. Rd2 Rfd8 29. Red1 Nf5 30. Kf1 Kf7 31. g3 e5 32. Rxd6 Rxd6 33. Rxd6 Nxd6 34. Nd2 e4 35. Ke2 Ke6 1/2-1/2

[Event "Sochi Doroshkevich Amateur op"]
[Site "Sochi"]
[Date "2017.12.27"]
[Round "8"]
[White "Gasparyan, Daniel"]
[Black "Mnatsakanian, Arsen"]
[Result "1-0"]
[WhiteElo "1984"]
[BlackElo "2218"]
[PlyCount "23"]
[EventDate "2017.12.21"]
[EventType "swiss"]
[EventRounds "9"]
[EventCountry "RUS"]
[SourceTitle "CBM 182 Extra"]
[Source "ChessBase"]
[SourceDate "2018.02.23"]
[SourceVersion "1"]
[SourceVersionDate "2018.02.23"]
[SourceQuality "1"]

1. e4 e6 2. d3 d5 3. Nd2 c5 4. Ngf3 Nc6 5. g3 g6 6. Bg2 Bg7 7. 0-0 Nge7 8. Re1 0-0 9. c3 d4 10. c4 b6 11. Nf1 Rb8 12. g4 1-0

[Event "Sochi City-ch"]
[Site "Sochi"]
[Date "2017.09.06"]
[Round "5"]
[White "Gasparyan, Daniel"]
[Black "Mumdgan, Suren"]
[Result "0-1"]
[WhiteElo "2047"]
[BlackElo "2168"]
[PlyCount "74"]
[EventDate "2017.09.02"]
[EventType "swiss"]
[EventRounds "9"]
[EventCountry "RUS"]
[SourceTitle "CBM 180 Extra"]
[Source "ChessBase"]
[SourceDate "2017.10.06"]
[SourceVersion "1"]
[SourceVersionDate "2017.10.06"]
[SourceQuality "1"]

1. e4 e6 2. d3 d5 3. Nd2 b6 4. Ngf3 Bb7 5. g3 dxe4 6. dxe4 Nf6 7. Qe2 Ba6 8. c4 Nc6 9. Bg2 e5 10. 0-0 Bc5 11. a3 Nd4 12. Qd1 Nxf3+ 13. Bxf3 0-0 14. b4 Bd4 15. Rb1 c5 16. b5 Bc8 17. Qc2 Bh3 18. Bg2 Qd7 19. Bb2 Rad8 20. Nf3 Rfe8 21. Rbd1 Qg4 22. Nxd4 Bxg2 23. Kxg2 exd4 24. f3 Qe6 25. Qd3 Nd7 26. Rc1 Ne5 27. Qb3 Rd7 28. Rfd1 Red8 29. Rd2 g5 30. h3 h5 31. Rf2 g4 32. hxg4 hxg4 33. f4 Nf3 34. Qd3 Re8 35. Re2 f5 36. Rh1 fxe4 37. Qb1 Rh7 0-1

[Event "Sochi City-ch"]
[Site "Sochi"]
[Date "2017.09.04"]
[Round "4"]
[White "Gasparyan, Daniel"]
[Black "Gutkis, Vladimir"]
[Result "1-0"]
[WhiteElo "2047"]
[BlackElo "2194"]
[PlyCount "48"]
[EventDate "2017.09.02"]
[EventType "swiss"]
[EventRounds "9"]
[EventCountry "RUS"]
[SourceTitle "CBM 180 Extra"]
[Source "ChessBase"]
[SourceDate "2017.10.06"]
[SourceVersion "1"]
[SourceVersionDate "2017.10.06"]
[SourceQuality "1"]

1. e4 Nf6 2. e5 Nd5 3. d4 d6 4. Nf3 Bg4 5. Be2 e6 6. 0-0 Nc6 7. c4 Nde7 8. exd6 Qxd6 9. Nc3 Bxf3 10. Nb5 Qd7 11. Bxf3 a6 12. Nc3 Qxd4 13. Qxd4 Nxd4 14. Bxb7 Ra7 15. Be4 f5 16. Be3 c5 17. Bf3 Ng6 18. Bh5 Be7 19. Rad1 Rd7 20. Ne2 Bf6 21. Bxd4 cxd4 22. Nf4 Kf7 23. Rfe1 Re8 24. b4 Ree7 1-0

[Event "Sochi City-ch"]
[Site "Sochi"]
[Date "2017.09.02"]
[Round "2"]
[White "Gasparyan, Daniel"]
[Black "Balayan, Eduard"]
[Result "1-0"]
[WhiteElo "2047"]
[BlackElo "1515"]
[PlyCount "39"]
[EventDate "2017.09.02"]
[EventType "swiss"]
[EventRounds "9"]
[EventCountry "RUS"]
[SourceTitle "CBM 180 Extra"]
[Source "ChessBase"]
[SourceDate "2017.10.06"]
[SourceVersion "1"]
[SourceVersionDate "2017.10.06"]
[SourceQuality "1"]

1. e4 c5 2. Nf3 e6 3. d3 Nc6 4. Nbd2 Nge7 5. g3 g6 6. Bg2 Bg7 7. 0-0 0-0 8. Re1 b6 9. Nf1 Bb7 10. h4 Rc8 11. N1h2 d5 12. e5 Nf5 13. Bf4 Qc7 14. Qd2 Qe7 15. c3 h5 16. Bh3 Qc7 17. g4 hxg4 18. Nxg4 Nxe5 19. Nfxe5 Bxe5 20. Bxe5 1-0

[Event "Sochi City-ch"]
[Site "Sochi"]
[Date "2017.09.02"]
[Round "1"]
[White "Mneyan, Ripsime"]
[Black "Gasparyan, Daniel"]
[Result "1/2-1/2"]
[WhiteElo "1381"]
[BlackElo "2047"]
[PlyCount "110"]
[EventDate "2017.09.02"]
[EventType "swiss"]
[EventRounds "9"]
[EventCountry "RUS"]
[SourceTitle "CBM 180 Extra"]
[Source "ChessBase"]
[SourceDate "2017.10.06"]
[SourceVersion "1"]
[SourceVersionDate "2017.10.06"]
[SourceQuality "1"]

1. e4 c5 2. Nf3 Nc6 3. d4 cxd4 4. Nxd4 Nf6 5. Nc3 e5 6. Ndb5 d6 7. Bg5 a6 8. Na3 b5 9. Nd5 Be7 10. Nxe7 Qxe7 11. c3 0-0 12. Qf3 Be6 13. Nc2 h6 14. Bxf6 Qxf6 15. Qxf6 gxf6 16. Rd1 Rfd8 17. Ne3 Ne7 18. b3 d5 19. exd5 Nxd5 20. Nxd5 Bxd5 21. Be2 Rac8 22. Rd3 Be4 23. Rg3+ Kf8 24. c4 bxc4 25. Bxc4 Bd5 26. 0-0 Bxc4 27. bxc4 Rxc4 28. Ra3 Rd6 29. g3 Rc2 30. Kg2 Kg7 31. h4 f5 32. Ra5 Kf6 33. Kg1 Rcd2 34. f3 Re2 35. Rf2 Re3 36. Kg2 Kg6 37. Rc2 f6 38. Rac5 Rdd3 39. Rf2 e4 40. fxe4 Rxg3+ 41. Kf1 fxe4 42. h5+ Kf7 43. Rc7+ Ke6 44. Rc6+ Ke5 45. Rcxf6 Kd4 46. Rxa6 e3 47. Re2 Rf3+ 48. Kg2 Rf5 49. Rxh6 Rd2 50. Rd6+ Kc3 51. Rexd2 exd2 52. h6 Kc2 53. Rc6+ Kb1 54. Rd6 Kc2 55. Rc6+ Kb1 1/2-1/2

[Event "Sochi Tseshkovsky Memorial op"]
[Site "Sochi"]
[Date "2014.09.25"]
[Round "9"]
[White "Gasparyan, Daniel"]
[Black "Martynyuk, Elizaveta"]
[Result "0-1"]
[WhiteElo "1820"]
[BlackElo "2083"]
[PlyCount "52"]
[EventDate "2014.09.17"]
[EventType "swiss"]
[EventRounds "9"]
[EventCountry "RUS"]
[SourceTitle "CBM 162 Extra"]
[Source "ChessBase"]
[SourceDate "2014.10.17"]
[SourceVersion "1"]
[SourceVersionDate "2014.10.17"]
[SourceQuality "1"]

1. d4 d5 2. e3 Nf6 3. Nf3 Bg4 4. b3 e6 5. Bb2 Nbd7 6. Be2 Bd6 7. Nbd2 0-0 8. 0-0 c5 9. Ne5 Bxe2 10. Qxe2 Qc7 11. Ndf3 cxd4 12. exd4 Ne4 13. c4 Bxe5 14. Nxe5 Rac8 15. Rac1 Qd6 16. Rfd1 Nxe5 17. dxe5 Qa6 18. Bd4 Nc5 19. Qe3 Nd7 20. a4 dxc4 21. Bxa7 cxb3 22. Rxc8 Rxc8 23. Rxd7 b2 24. Rd1 Qxa4 25. Rf1 Qa6 26. Qe1 Qxf1+ 0-1

[Event "Sochi Tseshkovsky Memorial op"]
[Site "Sochi"]
[Date "2014.09.23"]
[Round "7"]
[White "Abrosimov, Nikolay"]
[Black "Gasparyan, Daniel"]
[Result "0-1"]
[WhiteElo "1877"]
[BlackElo "1820"]
[PlyCount "110"]
[EventDate "2014.09.17"]
[EventType "swiss"]
[EventRounds "9"]
[EventCountry "RUS"]
[SourceTitle "CBM 162 Extra"]
[Source "ChessBase"]
[SourceDate "2014.10.17"]
[SourceVersion "1"]
[SourceVersionDate "2014.10.17"]
[SourceQuality "1"]

1. c4 Nf6 2. Nc3 c5 3. Nf3 g6 4. e3 Bg7 5. d4 0-0 6. Be2 cxd4 7. exd4 d5 8. c5 Nc6 9. Bf4 Nh5 10. Be3 Nf6 11. h3 b6 12. cxb6 axb6 13. 0-0 Ne4 14. a3 Nxc3 15. bxc3 Ba6 16. a4 Na5 17. Nd2 Qd7 18. Bxa6 Rxa6 19. Qe2 Rfa8 20. Rfb1 Qc7 21. Qf3 Nc4 22. Nxc4 dxc4 23. Qe2 e6 24. Rb2 Qc6 25. Rba2 Rxa4 26. Rxa4 Rxa4 27. Rb1 Bf8 28. Bf4 b5 29. Qe5 b4 30. cxb4 Rxb4 31. Rxb4 Bxb4 32. Qb8+ Bf8 33. Bh6 Qd6 34. Qc8 c3 35. Bxf8 Qxf8 36. Qxc3 Qb8 37. Qc5 Kg7 38. g3 Qb1+ 39. Kh2 Qe4 40. h4 Qf3 41. Qe5+ Qf6 42. Qe3 Qf5 43. Kg2 h5 44. Qe5+ Qxe5 45. dxe5 f6 46. f4 fxe5 47. fxe5 Kh6 48. Kf3 g5 49. Ke3 Kg6 50. Ke4 Kh6 51. Kd4 Kg6 52. Kc5 Kf5 53. hxg5 Kxg5 54. Kc6 Kg4 55. Kd6 Kf5 0-1

[Event "Sochi Tseshkovsky Memorial op"]
[Site "Sochi"]
[Date "2014.09.22"]
[Round "6"]
[White "Gasparyan, Daniel"]
[Black "Skvortsova, Olesya"]
[Result "1-0"]
[WhiteElo "1820"]
[BlackElo "1713"]
[PlyCount "85"]
[EventDate "2014.09.17"]
[EventType "swiss"]
[EventRounds "9"]
[EventCountry "RUS"]
[SourceTitle "CBM 162 Extra"]
[Source "ChessBase"]
[SourceDate "2014.10.17"]
[SourceVersion "1"]
[SourceVersionDate "2014.10.17"]
[SourceQuality "1"]

1. d4 d5 2. Nf3 Nc6 3. c4 e6 4. Nc3 Nf6 5. Bg5 h6 6. Bxf6 Qxf6 7. cxd5 Nb4 8. dxe6 Bxe6 9. e4 Bg4 10. Be2 Bxf3 11. Bxf3 Be7 12. 0-0 0-0 13. a3 Nc6 14. Nd5 Qd6 15. Qd3 Bd8 16. Rad1 Ne7 17. Nxe7+ Bxe7 18. b4 c6 19. Bg4 Rad8 20. f4 Qc7 21. Qe3 a5 22. f5 axb4 23. axb4 Kh7 24. e5 f6 25. e6 Bxb4 26. Rf3 c5 27. e7 cxd4 28. exd8Q Rxd8 29. Qf4 Bd6 30. Qc1 Bc5 31. Kh1 b5 32. Rfd3 Qb6 33. Qb2 b4 34. Qb3 Ra8 35. Bh5 Ra7 36. Re1 Ra8 37. Qf7 Qc6 38. Bf3 Qb5 39. Bxa8 Qxd3 40. Qg6+ Kg8 41. Re8+ Bf8 42. Bd5+ Kh8 43. Rxf8# 1-0

[Event "Sochi Tseshkovsky Memorial op"]
[Site "Sochi"]
[Date "2014.09.21"]
[Round "5"]
[White "Gasparyan, Daniel"]
[Black "Kirillov, Nikolay"]
[Result "0-1"]
[WhiteElo "1820"]
[BlackElo "2087"]
[PlyCount "80"]
[EventDate "2014.09.17"]
[EventType "swiss"]
[EventRounds "9"]
[EventCountry "RUS"]
[SourceTitle "CBM 162 Extra"]
[Source "ChessBase"]
[SourceDate "2014.10.17"]
[SourceVersion "1"]
[SourceVersionDate "2014.10.17"]
[SourceQuality "1"]

1. d4 Nf6 2. e3 d5 3. Bd3 Bg4 4. Ne2 e6 5. 0-0 Bd6 6. h3 Bh5 7. f4 Ne4 8. Bxe4 dxe4 9. c4 c6 10. Nd2 f5 11. a3 Qe7 12. c5 Bc7 13. b4 Nd7 14. Bb2 Nf6 15. Qe1 Nd5 16. Nc3 0-0 17. Nxd5 exd5 18. a4 g5 19. Qg3 h6 20. h4 Kh7 21. hxg5 hxg5 22. Qxg5 Qxg5 23. fxg5 Kg6 24. Rfe1 Bg3 25. Rec1 Be2 26. Nf1 Bh4 27. g3 Bxg5 28. Kf2 Bd3 29. Nd2 Rh8 30. Rh1 Kf6 31. a5 Rae8 32. Bc3 f4 33. gxf4 Bh4+ 34. Kg2 Kf5 35. Rh2 Reg8+ 36. Kh1 Bf2 37. Rxh8 Rxh8+ 38. Kg2 Bxe3 39. Nf1 Rg8+ 40. Ng3+ Kxf4 0-1